000 00631nam a22002177a 4500
005 20160108132721.0
010 _aB-538223
020 _c500.00
035 _aB-538223
037 _bKKP
_adpl
037 _bVender
082 _a510
100 _aAggrawal, R. S.
245 _aQuantative Aptitude :
_b/
_cby Aggrawal, R. S.
260 _bS. Chand
_aNew Delhi
270 _bNew Delhi
_a7361, Ram Nagar Qutub Road
300 _a-
_c-
490 _aTrueman's specific series
942 _2ddc
_cEN
_h510
_mAGG
999 _c98557
_d98557